| 000 | 00778nam a22002177a 4500 | ||
|---|---|---|---|
| 999 |
_c58324 _d58324 |
||
| 005 | 20230613151910.0 | ||
| 010 | _aENG-104093 B-460881-885 ENG-137113 | ||
| 020 |
_a978-93-80658-56-8 _c350.00 |
||
| 035 | _aEN-87626 B-460881-885 EN-120645 | ||
| 037 | _bDBAD/PUB | ||
| 037 | _bVirtuous Pub/Ven | ||
| 082 | _aN | ||
| 100 | _aKrishnan, P.A. | ||
| 245 |
_aThe muddy river / _cby P.A. Krishnan |
||
| 260 |
_aChennai _bTranquebar Press _c2011 |
||
| 270 |
_aVenkat Towers, 165, P.H. Road, Maduravoyal _bChennai _e600095 |
||
| 300 |
_a248p. _c21cm (pbk) |
||
| 520 | _aShort stories, poems, and articles on terrorism in South Asia. | ||
| 942 |
_2ddc _cEN _mKRI _hN |
||